Room for the seventies (Record no. 10640)
[ view plain ]
| 000 -LEADER | |
|---|---|
| fixed length control field | 00263nam a2200121 4500 |
| 003 - CONTROL NUMBER IDENTIFIER | |
| control field | OSt |
| 005 - DATE AND TIME OF LATEST TRANSACTION | |
| control field | 20220505161931.0 |
| 008 - FIXED-LENGTH DATA ELEMENTS--GENERAL INFORMATION | |
| fixed length control field | 220505b ||||| |||| 00| 0 eng d |
| 082 ## - DEWEY DECIMAL CLASSIFICATION NUMBER | |
| Classification number | 747 |
| 100 ## - MAIN ENTRY--PERSONAL NAME | |
| Personal name | Franco Magnani |
| 245 ## - TITLE STATEMENT | |
| Title | Room for the seventies |
| 942 ## - ADDED ENTRY ELEMENTS (KOHA) | |
| Source of classification or shelving scheme | |
| Withdrawn status | Lost status | Source of classification or shelving scheme | Damaged status | Koha normalized classification for sorting | Not for loan | Permanent location | Current location | Date acquired | Full call number | Barcode | Date last seen | Price effective from | Non-public note | Koha item type | Public note |
|---|---|---|---|---|---|---|---|---|---|---|---|---|---|---|---|
| 747_000000000000000 | BMS College of Architecture, Design and Planning | BMS College of Architecture, Design and Planning | 2022-05-05 | 747 | AR-DB340 | 2022-05-05 | 2022-05-05 | Donated by Raja Subramanyam, Architect and Engineer , VV Puram, Benagaluru | Donated Book | Donated by Raja Subramanyam, Architect and Engineer , VV Puram, Bengaluru |